000 00723nam a2200229Ia 4500
005 20241129110117.0
008 241129s9999||||xx |||||||||||||| ||und||
020 _a978-0-367-42656-9
037 _aTB
040 _aARTS
_beng
_cARTS
041 _aeng
_2eng
084 _aV3.P R3
_qARTS
100 _aRobertson Nicole Ed.; Singleton John Ed.; Taylor Avram Ed.
_9727239
245 0 _a20th century Britain: econonomic, cultural and social change
_cRobertson Nicole Ed.; Singleton John Ed.; Taylor Avram Ed.
250 _a3rd
260 _aUK
_bRoutledge
_c2021
300 _axxi,380p.
365 _aUKP
_b32.99
650 _aHistory-Great Britain
_9256142
942 _cTB
_hV3.P R3
999 _c1227343
_d1227343